Вып. 5; Логические исследования

Detaylı Bibliyografya
Parent link:Логические исследования=Logical investigations: [сборник]/ Российская академия наук, Институт философии (ИФ РАН). Вып. 5.— , 1993-
Dil:Rusça
Baskı/Yayın Bilgisi: 1998
Konular:
Materyal Türü: Kitap
KOHA link:https://koha.lib.tpu.ru/cgi-bin/koha/opac-detail.pl?biblionumber=8857

MARC

LEADER 00000nam2a2200000 4500
001 8857
005 20231101204625.0
010 |a 5020136824 
035 |a (RuTPU)RU\TPU\book\8907 
035 |a BOOK00008967 
090 |a 8857 
100 |a 20011209d1998 k y0rusy50 ca 
101 0 |a rus 
102 |a RU 
105 |a y z 001zy 
200 0 |a Вып. 5 
210 |d 1998 
215 |a 280 с. 
320 |a Библиогр. в конце ст. 
461 1 |0 (RuTPU)RU\TPU\book\42556  |t Логические исследования  |l Logical investigations  |o [сборник]  |f Российская академия наук, Институт философии (ИФ РАН)  |v Вып. 5  |d 1993-  
606 1 |a Логика  |2 stltpush  |3 (RuTPU)RU\TPU\subj\40551  |9 60396 
606 1 |a Логика формальная  |2 stltpush  |3 (RuTPU)RU\TPU\subj\40560  |9 60404 
610 1 |a логика 
610 1 |a логические исследования 
610 1 |a символическая логика 
610 1 |a математическая логика 
610 1 |a релевантная логика 
610 1 |a модальная логика 
686 |a Ю4  |v LBC/SL-A  |2 rubbk 
686 |a Ю41  |v LBC/SL-A  |2 rubbk 
801 0 |a RU  |b 63413507  |c 20011209  |g PSBO 
801 2 |a RU  |b 63413507  |c 20161110  |g PSBO 
942 |c BK